000 00316nam a22001337a 4500
008 170508b xxu||||| |||| 00| 0 eng d
020 _a9780684854717
041 _aeng
080 _a34
100 _a14
101 _aSHJ
245 _aFROM POOR LAW TO WELFARE STATE
_cTRATTNER.W.I
942 _2udc
_cBK
999 _c12850
_d12850